000 00756nac a22002417a 4500
001 BR4400169
003 BR-BrBNA
005 20250217083702.0
008 230509b bl.|||m| |||| 00| 0 por d
040 _aBR-BrBNA
_bpor
_cBiblioteca Nacional de Agricultura
072 _aD50
090 _aD50 BR4400169
100 1 _aBailly, G.A.
110 1 _aServico de Informacao Agricola, Rio de Janeiro, GB (Brasil)
245 1 _aSiderurgia coletanea de legislacao [Brasil]
260 3 _aRio de Janeiro, GB (Brasil):
_c1944.
300 _a159 p.
490 _aSIA (Brazil)
_vno. 112
650 _aLEGISLACAO
650 _aSIDERURGIA
856 _uhttps://repositorio-dspace.agricultura.gov.br/bitstream/1/5952/1/1944%20SIA%20112.pdf
942 _2AGRIS
_n0
_cMS
999 _c260550
_d260550